000 00671nam a2200193Ia 4500
003 IN-BaIIA
008 211028s9999 xx 000 0 eng d
040 _cIIA Library
080 _a52(091)
_bSHU
100 _aShukla, Kripa Shankar
_912553
245 0 _aAryabhatiya of aryabhata
_bwith the commentary of Bhaskara I and Somesvara
_cKripa Shankar Shukla
260 _aNew Delhi
_bIndian National Science Academy
_c1976
300 _acxvii, 382p.
490 _aAryabhatiya Critical Edition Series
650 _aAryabhatiya
_99399
650 _aAstronomy and Astrophysics Thesaurus
650 _aAstronomy-History
_9900
942 _cBK
999 _c7320
_d7320